| 000 | 00361nam a2200133Ia 4500 | ||
|---|---|---|---|
| 005 | 20260328104250.0 | ||
| 008 | 260328s9999||||xx |||||||||||||| ||und|| | ||
| 100 | _aNguyen, Patrick | ||
| 245 | 0 |
_aBeyond the street : _b the 100 leading figures in Urban art. / _cPatrick Nguyen |
|
| 260 | _bGestalten | ||
| 300 | _a400 p. | ||
| 650 | _aFOTOGRAFÍA | ||
| 942 | _cBK | ||
| 999 |
_c10209 _d10209 |
||